[Event "CHI-ch sf"]
[Site "Villa Alemana"]
[Date "2023.01.19"]
[Round "4"]
[White "Chavez Pena, Gonzalo Ignacio"]
[Black "Rioseco Pinochet, Fernando Luis"]
[Result "1/2-1/2"]
[WhiteElo "1745"]
[BlackElo "2164"]
[PlyCount "81"]
[EventDate "2023.01.18"]
[EventType "swiss"]
[EventRounds "8"]
[EventCountry "CHI"]
[SourceTitle "CBM 212 Extra"]
[Source "ChessBase"]
[SourceDate "2023.03.31"]
[SourceVersion "1"]
[SourceVersionDate "2023.03.31"]
[SourceQuality "1"]

1. e4 c5 2. Nf3 e6 3. d4 cxd4 4. Nxd4 a6 5. c4 Qc7 6. Be2 Nf6 7. Nc3 Bb4 8. Qd3 Nc6 9. Nxc6 bxc6 10. 0-0 0-0 11. Bg5 Ne8 12. a3 Bxc3 13. Qxc3 f5 14. exf5 Rxf5 15. Bh4 c5 16. Bg4 Rf7 17. Bg3 Qb6 18. Bh5 g6 19. Bf3 Bb7 20. Bxb7 Qxb7 21. Rad1 Ng7 22. Rd2 Nf5 23. Be5 Qc6 24. Rfd1 Rd8 25. Qa5 Rc8 26. Qc3 a5 27. Bg3 a4 28. Be5 g5 29. h3 h5 30. Bf6 g4 31. Rd3 d6 32. h4 e5 33. Bxe5 Nxh4 34. Rd5 dxe5 35. Qxe5 Qf6 36. Qg5+ Kf8 37. Qxf6 Rxf6 38. Rxh5 Ng6 39. Rdd5 Re8 40. Rxc5 Re1+ 41. Kh2 1/2-1/2

[Event "CHI-ch sf"]
[Site "Valparaiso"]
[Date "2015.01.28"]
[Round "4"]
[White "Vergara Jofre, Felipe Andres"]
[Black "Rioseco Pinochet, Fernando Luis"]
[Result "0-1"]
[WhiteElo "2077"]
[BlackElo "2213"]
[PlyCount "70"]
[EventDate "2015.01.26"]
[EventType "swiss"]
[EventRounds "7"]
[EventCountry "CHI"]
[SourceTitle "CBM 164 Extra"]
[Source "ChessBase"]
[SourceDate "2015.03.02"]
[SourceVersion "1"]
[SourceVersionDate "2015.03.02"]
[SourceQuality "1"]

1. e4 g6 2. d4 c6 3. Nf3 d5 4. e5 Bg4 5. Nbd2 Bg7 6. c4 f6 7. Qb3 Qb6 8. Qxb6 axb6 9. cxd5 cxd5 10. h3 Bd7 11. Bd3 Nc6 12. exf6 exf6 13. 0-0 Nge7 14. b3 Nb4 15. Bb1 Bf5 16. a3 Kd7 17. Bb2 Nd3 18. g4 Be4 19. Nxe4 dxe4 20. Bxd3 exd3 21. Ne1 h5 22. g5 d2 23. Nd3 fxg5 24. Rad1 g4 25. hxg4 hxg4 26. Rxd2 Nf5 27. Ne5+ Bxe5 28. dxe5+ Ke6 29. f3 g3 30. Rfd1 Rh3 31. Rd8 Rxd8 32. Rxd8 Rh2 33. Bd4 Nh4 34. Rf8 Rd2 35. Rf6+ Ke7 0-1

[Event "CHI-ch sf"]
[Site "Valparaiso"]
[Date "2015.01.27"]
[Round "2"]
[White "Basualdo, Gomez Carlos"]
[Black "Rioseco Pinochet, Fernando Luis"]
[Result "0-1"]
[WhiteElo "2004"]
[BlackElo "2213"]
[PlyCount "75"]
[EventDate "2015.01.26"]
[EventType "swiss"]
[EventRounds "7"]
[EventCountry "CHI"]
[SourceTitle "CBM 164 Extra"]
[Source "ChessBase"]
[SourceDate "2015.03.02"]
[SourceVersion "1"]
[SourceVersionDate "2015.03.02"]
[SourceQuality "1"]

1. e4 c5 2. Nf3 d6 3. d4 cxd4 4. Nxd4 Nf6 5. Nc3 Nc6 6. Be3 Ng4 7. Nxc6 bxc6 8. Qd2 Nxe3 9. Qxe3 Qa5 10. Bc4 e6 11. 0-0 Be7 12. Kh1 0-0 13. f4 Rb8 14. Rae1 d5 15. exd5 cxd5 16. Bb3 Ba6 17. Rf3 Bf6 18. Qf2 g6 19. f5 gxf5 20. Nxd5 exd5 21. Rxf5 Bxb2 22. Bxd5 Qc7 23. Rh5 Rb6 24. Qh4 Bf6 25. Qe4 Rd8 26. Qxh7+ Kf8 27. Rf5 Qe7 28. Qh6+ Bg7 29. Qc1 Rxd5 30. Rxd5 Qh4 31. Qd2 Kg8 32. Rd8+ Kh7 33. Rd7 Rf6 34. Rxa7 Rf2 35. Qe3 Bd4 36. Qa3 Bf1 37. Ra4 Rxg2 38. h3 0-1

[Event "CHI-chT"]
[Site "Santiago de Chile"]
[Date "2012.12.04"]
[Round "4"]
[White "Rioseco Pinochet, Fernando Luis"]
[Black "Escudero Donoso, Felipe"]
[Result "1-0"]
[WhiteElo "2224"]
[BlackElo "2126"]
[PlyCount "50"]
[EventDate "2012.11.22"]
[EventType "team-tourn"]
[EventRounds "9"]
[EventCountry "CHI"]
[SourceTitle "EXT 2014"]
[Source "ChessBase"]
[SourceDate "2013.11.20"]
[SourceVersion "1"]
[SourceVersionDate "2013.11.20"]
[SourceQuality "1"]

1. e4 e5 2. Nf3 Nc6 3. Nc3 Nf6 4. Bb5 d6 5. d4 exd4 6. Nxd4 Bd7 7. 0-0 Be7 8. Nf5 Bxf5 9. exf5 0-0 10. Re1 a6 11. Bf1 h6 12. g4 d5 13. Bg2 d4 14. Ne4 Nxe4 15. Rxe4 Bd6 16. g5 Re8 17. Rxe8+ Qxe8 18. gxh6 Qe5 19. Qg4 Qxh2+ 20. Kf1 Be5 21. Bg5 Kh8 22. Ke2 d3+ 23. Kd2 dxc2 24. Rh1 Bxb2 25. Kxc2 Nd4+ 1-0

[Event "CHI-chT"]
[Site "Santiago de Chile"]
[Date "2012.11.22"]
[Round "1"]
[White "Huaiquil Linconir, Guillermo"]
[Black "Rioseco Pinochet, Fernando Luis"]
[Result "0-1"]
[WhiteElo "1856"]
[BlackElo "2224"]
[PlyCount "96"]
[EventDate "2012.11.22"]
[EventType "team-tourn"]
[EventRounds "9"]
[EventCountry "CHI"]
[SourceTitle "EXT 2014"]
[Source "ChessBase"]
[SourceDate "2013.11.20"]
[SourceVersion "1"]
[SourceVersionDate "2013.11.20"]
[SourceQuality "1"]

1. e4 c5 2. d3 Nc6 3. Nf3 g6 4. g3 Bg7 5. Bg2 e6 6. 0-0 Nge7 7. c3 d5 8. Nbd2 0-0 9. Re1 b6 10. e5 Qc7 11. d4 cxd4 12. cxd4 Nb4 13. Nf1 Nc2 14. Bf4 Nxa1 15. Qxa1 Ba6 16. Ne3 Nc6 17. a3 Bd3 18. Qd1 Be4 19. Qd2 Na5 20. h4 Rfc8 21. h5 Nc4 22. Nxc4 Qxc4 23. h6 Bf8 24. Bg5 Qd3 25. Qf4 Bxf3 26. Bxf3 Rc2 27. Bg4 Qb5 28. Qf6 Qd7 29. b3 Rac8 30. b4 R8c4 31. Bd1 R2c3 32. a4 Rxd4 33. Be3 Rxe3 34. fxe3 Rxb4 35. g4 Bxh6 36. Qh4 Bg7 37. Be2 Qc7 38. Qf2 Bxe5 39. Rf1 Rxa4 40. Qf3 Ra3 41. Bb5 Qe7 42. Qf2 Kg7 43. Bc6 f6 44. Bb5 Qc5 45. Bd7 Rxe3 46. Kg2 Rg3+ 47. Kh1 Rh3+ 48. Kg2 Rh2+ 0-1

[Event "American Continental 08th"]
[Site "Mar del Plata"]
[Date "2012.10.18"]
[Round "8"]
[White "Rioseco Pinochet, Fernando Luis"]
[Black "Hernandez Amura, Gilberto"]
[Result "1-0"]
[WhiteElo "2236"]
[BlackElo "1851"]
[PlyCount "65"]
[EventDate "2012.10.12"]
[EventType "swiss"]
[EventRounds "11"]
[EventCountry "ARG"]
[SourceTitle "EXT 2013"]
[Source "ChessBase"]
[SourceDate "2012.11.22"]
[SourceVersion "1"]
[SourceVersionDate "2012.11.22"]
[SourceQuality "1"]

1. e4 c5 2. Nf3 e6 3. c4 Nc6 4. d4 cxd4 5. Nxd4 d6 6. Nc3 a6 7. Be3 Nf6 8. Be2 Be7 9. 0-0 0-0 10. Qd2 Nxd4 11. Qxd4 Bd7 12. f4 Rc8 13. e5 dxe5 14. fxe5 Ne8 15. Rad1 Bc6 16. Qxd8 Bxd8 17. Bc5 Bc7 18. Bxf8 Kxf8 19. Bg4 Ke7 20. Rfe1 g6 21. Kf1 Ng7 22. Nd5+ Ke8 23. Nxc7+ Rxc7 24. Kf2 h5 25. Bf3 Bxf3 26. Kxf3 Rxc4 27. Rc1 Rxc1 28. Rxc1 Kd7 29. Kf4 Nf5 30. Kg5 Ne3 31. Kf6 Ng4+ 32. Kxf7 Nxe5+ 33. Kf6 1-0

[Event "American Continental 08th"]
[Site "Mar del Plata"]
[Date "2012.10.16"]
[Round "6"]
[White "Rioseco Pinochet, Fernando Luis"]
[Black "Villegas, Franco"]
[Result "1/2-1/2"]
[WhiteElo "2236"]
[BlackElo "1852"]
[PlyCount "163"]
[EventDate "2012.10.12"]
[EventType "swiss"]
[EventRounds "11"]
[EventCountry "ARG"]
[SourceTitle "EXT 2013"]
[Source "ChessBase"]
[SourceDate "2012.11.22"]
[SourceVersion "1"]
[SourceVersionDate "2012.11.22"]
[SourceQuality "1"]

1. Nf3 e6 2. c4 Nf6 3. g3 d5 4. Bg2 Be7 5. 0-0 0-0 6. d4 c6 7. Qc2 Nbd7 8. Rd1 dxc4 9. Qxc4 Nb6 10. Qc2 Nbd5 11. Nc3 Qc7 12. e4 Nxc3 13. bxc3 c5 14. Bf4 Qb6 15. Rab1 Qa6 16. d5 exd5 17. exd5 Rd8 18. Ne5 Nh5 19. d6 Rxd6 20. Bf1 Rxd1 21. Qxd1 Qf6 22. Qxh5 g5 23. Bd3 gxf4 24. Qxh7+ Kf8 25. Re1 Be6 26. Bc4 fxg3 27. hxg3 Qg7 28. Qe4 Bd6 29. Bxe6 Qxe5 30. Qxe5 Bxe5 31. Rxe5 Re8 32. Rxc5 Rxe6 33. a4 Re7 34. Kg2 Ke8 35. Kf3 Kd7 36. g4 Kd6 37. Rc4 Re5 38. Kf4 b5 39. Rd4+ Ke6 40. axb5 Rxb5 41. Ra4 a5 42. Ke4 f5+ 43. gxf5+ Rxf5 44. f4 Rc5 45. Kd3 Rf5 46. Rd4 Rc5 47. Kc2 Rf5 48. Kb3 Rc5 49. c4 Rf5 50. Ka3 Rc5 51. Ka4 Rf5 52. Kb3 Rc5 53. Kc3 Rf5 54. Kd3 Rc5 55. Re4+ Kf5 56. Re1 Kxf4 57. Kd4 Rc8 58. Kd5 Rd8+ 59. Kc6 Rc8+ 60. Kb5 Rb8+ 61. Kxa5 Rc8 62. Kb5 Rb8+ 63. Kc5 Rc8+ 64. Kd4 Rd8+ 65. Kc3 Rc8 66. Re7 Kf5 67. Rd7 Ke6 68. Rd5 Rb8 69. Kd4 Rc8 70. c5 Ke7 71. Rh5 Rc6 72. Kd5 Rg6 73. c6 Kd8 74. Kc5 Rg1 75. Rh7 Kc8 76. Rf7 Rc1+ 77. Kd5 Rd1+ 78. Ke6 Re1+ 79. Kd5 Rd1+ 80. Kc4 Rc1+ 81. Kb4 Rb1+ 82. Kc5 1/2-1/2

[Event "American Continental 08th"]
[Site "Mar del Plata"]
[Date "2012.10.14"]
[Round "4"]
[White "Zalimben, Maria Luz"]
[Black "Rioseco Pinochet, Fernando Luis"]
[Result "0-1"]
[WhiteElo "1714"]
[BlackElo "2236"]
[PlyCount "78"]
[EventDate "2012.10.12"]
[EventType "swiss"]
[EventRounds "11"]
[EventCountry "ARG"]
[SourceTitle "EXT 2013"]
[Source "ChessBase"]
[SourceDate "2012.11.22"]
[SourceVersion "1"]
[SourceVersionDate "2012.11.22"]
[SourceQuality "1"]

1. Nf3 Nf6 2. d4 g6 3. c4 Bg7 4. Nc3 0-0 5. e4 d6 6. Be2 Nbd7 7. 0-0 e5 8. d5 Nc5 9. Qc2 a5 10. h3 Nh5 11. Bg5 f6 12. Be3 f5 13. Ne1 Nxe4 14. Nxe4 fxe4 15. Bxh5 gxh5 16. c5 Qh4 17. Kh2 Rf6 18. cxd6 cxd6 19. Qc7 Rg6 20. Rg1 Bh6 21. Qc1 Bf4+ 22. Bxf4 exf4 23. Qc2 f3 24. Qd2 fxg2 25. Rxg2 Qxh3+ 26. Kg1 Bg4 27. Rg3 Bf3 28. Nxf3 exf3 29. Rxg6+ hxg6 30. Qg5 Qg4+ 31. Qxg4 hxg4 32. Kh2 Re8 33. Kg3 Re2 34. b3 Kf7 35. Rc1 Rxa2 36. Rc7+ Kf6 37. Rxb7 Kg5 38. Rb6 Ra1 39. Rxd6 Rh1 0-1

[Event "Santiago-ch sf"]
[Site "Santiago de Chile"]
[Date "2012.01.24"]
[Round "5.4"]
[White "Tapia Fuentes, Jaime"]
[Black "Rioseco Pinochet, Fernando Luis"]
[Result "1-0"]
[WhiteElo "2135"]
[BlackElo "2213"]
[PlyCount "90"]
[EventDate "2012.01.21"]
[EventType "swiss"]
[EventRounds "9"]
[EventCountry "CHI"]
[SourceTitle "EXT 2024"]
[Source "ChessBase"]
[SourceDate "2023.10.10"]
[SourceVersion "1"]
[SourceVersionDate "2023.10.10"]
[SourceQuality "1"]

1. e4 c5 2. Nf3 Nc6 3. d3 g6 4. g3 Bg7 5. Be2 e6 6. 0-0 Nge7 7. c3 d5 8. e5 Nxe5 9. Nxe5 Bxe5 10. Re1 Bg7 11. Nd2 0-0 12. Nf3 Nc6 13. h4 Re8 14. h5 e5 15. Qb3 Na5 16. Qa3 c4 17. b4 cxb3 18. axb3 Nc6 19. b4 Bf5 20. b5 Nb8 21. c4 Bf8 22. Qb3 Nd7 23. Ba3 Bxa3 24. Qxa3 dxc4 25. dxc4 Qc7 26. Qc3 a6 27. bxa6 Rxa6 28. Rxa6 bxa6 29. Ra1 Nc5 30. hxg6 hxg6 31. Nd2 e4 32. Nf1 Qe5 33. Qxe5 Rxe5 34. Ne3 Bc8 35. Ra5 Nd3 36. Rxe5 Nxe5 37. Bg4 Kf8 38. f4 Nd7 39. Kf2 Ke7 40. Ke2 Kd6 41. Kd2 Nf6 42. Bf3 Kc5 43. Kc3 a5 44. g4 a4 45. g5 Ne8 1-0

[Event "CHI-ch"]
[Site "Santiago de Chile"]
[Date "2012.??.??"]
[Round "10"]
[White "Rioseco Pinochet, Fernando Luis"]
[Black "Henriquez Villagra, Cristobal"]
[Result "0-1"]
[WhiteElo "2213"]
[BlackElo "2317"]
[PlyCount "68"]
[EventDate "2012.02.18"]
[EventType "tourn"]
[EventRounds "11"]
[EventCountry "CHI"]
[EventCategory "3"]
[SourceTitle "CBM 147 Extra"]
[Source "ChessBase"]
[SourceDate "2012.04.24"]
[SourceVersion "1"]
[SourceVersionDate "2012.04.24"]
[SourceQuality "1"]

1. d4 Nf6 2. c4 c5 3. d5 b5 4. cxb5 a6 5. b6 Qxb6 6. Nc3 d6 7. Nf3 g6 8. Nd2 Bg7 9. e4 0-0 10. Be2 a5 11. Nc4 Qc7 12. 0-0 Ba6 13. f4 Nbd7 14. Be3 Rfb8 15. Rb1 Ng4 16. Bxg4 Bxc4 17. Rf2 Bxc3 18. bxc3 Rxb1 19. Qxb1 Nf6 20. Bf3 Rb8 21. Rb2 Rxb2 22. Qxb2 Bd3 23. f5 Bxe4 24. Bxe4 Nxe4 25. fxg6 hxg6 26. c4 Qc8 27. h3 Qf5 28. Qb8+ Kg7 29. Qd8 Ng3 30. Qxa5 Ne2+ 31. Kh1 Qb1+ 32. Kh2 Qe4 33. Qd2 Qe5+ 34. Kh1 Ng3+ 0-1

[Event "CHI-ch"]
[Site "Santiago de Chile"]
[Date "2012.??.??"]
[Round "11"]
[White "Torres Bravo, Cristobal Renato"]
[Black "Rioseco Pinochet, Fernando Luis"]
[Result "1/2-1/2"]
[WhiteElo "2317"]
[BlackElo "2213"]
[PlyCount "160"]
[EventDate "2012.02.18"]
[EventType "tourn"]
[EventRounds "11"]
[EventCountry "CHI"]
[EventCategory "3"]
[SourceTitle "CBM 147 Extra"]
[Source "ChessBase"]
[SourceDate "2012.04.24"]
[SourceVersion "1"]
[SourceVersionDate "2012.04.24"]
[SourceQuality "1"]

1. Nf3 Nf6 2. d4 e6 3. g3 d5 4. Bg2 c5 5. 0-0 Nc6 6. c4 dxc4 7. Qa4 Bd7 8. dxc5 Bxc5 9. Qxc4 Qb6 10. Nc3 Qb4 11. Qxb4 Bxb4 12. a3 Be7 13. b4 0-0 14. Bf4 Rac8 15. Rfc1 Rfd8 16. e4 Be8 17. e5 Nd5 18. Nxd5 Rxd5 19. Nd2 Rdd8 20. Nb3 g5 21. Be3 b6 22. Bxc6 Bxc6 23. Nd4 Ba4 24. Kf1 Kg7 25. Ke2 Kg6 26. f4 h6 27. h4 a5 28. f5+ exf5 29. h5+ Kxh5 30. Nxf5 Bb5+ 31. Kf3 g4+ 32. Kf2 Bf8 33. Nd6 Bxd6 34. exd6 axb4 35. Rh1+ Kg6 36. Rxh6+ Kf5 37. Rh5+ Ke4 38. Re1 Rc2+ 39. Kg1 Be2 40. Bf4 Kd4 41. axb4 Bf3 42. b5 Kc4 43. Re7 Kd3 44. Rc7 Rg2+ 45. Kf1 Rb2 46. d7 Rb1+ 47. Bc1 f5 48. Rh6 Bd5 49. Rd6 Ke4 50. Rc8 Ke5 51. Rxb6 Rxd7 52. Kf2 Rh7 53. Bh6 Rb2+ 54. Ke3 Rb3+ 55. Kd2 Kd4 56. Rd6 Rb2+ 57. Kc1 Rxb5 58. Rc2 Ke4 59. Kd2 Rb3 60. Rc5 Rd3+ 61. Kc2 Ra7 62. Rc8 Ra2+ 63. Kb1 Rd1+ 64. Bc1 Ra5 65. Re8+ Kd4 66. Kc2 Kc5 67. Red8 Bb3+ 68. Kxb3 Rxd6 69. Rc8+ Kd5 70. Kb4 Ra1 71. Rc5+ Ke4 72. Rc4+ Rd4 73. Rxd4+ Kxd4 74. Bb2+ Ke3 75. Bxa1 f4 76. gxf4 g3 77. f5 Ke4 78. f6 g2 79. f7 g1Q 80. f8Q Qxa1 1/2-1/2

[Event "Latin Cup"]
[Site "Montevideo"]
[Date "2011.11.07"]
[Round "8"]
[White "Rioseco Pinochet, Fernando Luis"]
[Black "Blixen, Federico"]
[Result "1-0"]
[WhiteElo "2192"]
[BlackElo "2131"]
[PlyCount "71"]
[EventDate "2011.11.01"]
[EventType "swiss"]
[EventRounds "9"]
[EventCountry "URU"]
[SourceTitle "EXT 2012"]
[Source "ChessBase"]
[SourceDate "2011.11.24"]
[SourceVersion "1"]
[SourceVersionDate "2011.11.24"]
[SourceQuality "1"]

1. d4 Nf6 2. c4 e6 3. Nc3 Bb4 4. e3 d5 5. Nf3 0-0 6. Bd3 dxc4 7. Bxc4 c5 8. 0-0 cxd4 9. exd4 Nc6 10. Bg5 Be7 11. a3 h6 12. Be3 Nd5 13. Qd3 Bf6 14. Rad1 a6 15. Ba2 Nxe3 16. fxe3 g6 17. Qe4 Qe7 18. Na4 Bg7 19. h4 Bd7 20. Nc5 Be8 21. h5 e5 22. Qxg6 exd4 23. exd4 Nxd4 24. Rxd4 Qxc5 25. b4 Qc6 26. Rd6 Kh8 27. Qf5 Qc8 28. Qf4 f6 29. Rc1 Bc6 30. Nh4 Qc7 31. Ng6+ Kh7 32. Qf5 Rf7 33. Ne5+ Kg8 34. Nxf7 Kf8 35. Rxf6 Qb6+ 36. Rc5 1-0

[Event "Latin Cup"]
[Site "Montevideo"]
[Date "2011.11.05"]
[Round "7"]
[White "Dos Santos, Ramiro"]
[Black "Rioseco Pinochet, Fernando Luis"]
[Result "1-0"]
[WhiteElo "2453"]
[BlackElo "2192"]
[PlyCount "55"]
[EventDate "2011.11.01"]
[EventType "swiss"]
[EventRounds "9"]
[EventCountry "URU"]
[SourceTitle "EXT 2012"]
[Source "ChessBase"]
[SourceDate "2011.11.24"]
[SourceVersion "1"]
[SourceVersionDate "2011.11.24"]
[SourceQuality "1"]

1. e4 e6 2. d4 a6 3. Nf3 b5 4. a4 b4 5. Bd3 Bb7 6. 0-0 Nf6 7. Re1 Be7 8. e5 Nd5 9. c4 bxc3 10. bxc3 f5 11. exf6 Nxf6 12. Bg5 0-0 13. Nbd2 Nc6 14. Bxf6 Rxf6 15. Qb1 Rb8 16. Bxh7+ Kh8 17. Be4 Rh6 18. Qc2 Bd6 19. Rab1 Ba8 20. Rxb8 Qxb8 21. Nc4 Bxh2+ 22. Nxh2 d5 23. Ng4 Rh4 24. Bf3 dxc4 25. Rxe6 Qf8 26. Qg6 Ne7 27. Qg5 Rxg4 28. Qxg4 1-0

[Event "Latin Cup"]
[Site "Montevideo"]
[Date "2011.11.03"]
[Round "4"]
[White "Rioseco Pinochet, Fernando Luis"]
[Black "Colman, Matias"]
[Result "1-0"]
[WhiteElo "2192"]
[BlackElo "2007"]
[PlyCount "63"]
[EventDate "2011.11.01"]
[EventType "swiss"]
[EventRounds "9"]
[EventCountry "URU"]
[SourceTitle "EXT 2012"]
[Source "ChessBase"]
[SourceDate "2011.11.24"]
[SourceVersion "1"]
[SourceVersionDate "2011.11.24"]
[SourceQuality "1"]

1. d4 d5 2. c4 c6 3. Nf3 Nf6 4. Nc3 e6 5. e3 Nbd7 6. Qc2 dxc4 7. Bxc4 b5 8. Bd3 Bb7 9. e4 b4 10. Na4 Be7 11. 0-0 Rc8 12. Rd1 h6 13. Qe2 Qa5 14. b3 c5 15. d5 exd5 16. exd5 Bxd5 17. Bf5 Qc7 18. Bb2 0-0 19. Ne5 Rcd8 20. Nxd7 Rxd7 21. Bxd7 Qxd7 22. Rac1 Re8 23. Bxf6 gxf6 24. Qh5 Bf8 25. Rxd5 Qe6 26. h4 Bd6 27. g3 Bxg3 28. Rd3 Bf4 29. Rc4 Qe1+ 30. Kg2 Kh7 31. Qxf7+ Kh8 32. Qxf6+ 1-0

[Event "Gibraltar Challengers-B 8th"]
[Site "Caleta"]
[Date "2010.01.31"]
[Round "1"]
[White "Rioseco Pinochet, Fernando Luis"]
[Black "Popa Matei, Viorel Ovidiu"]
[Result "0-1"]
[WhiteElo "2226"]
[BlackElo "2137"]
[PlyCount "40"]
[EventDate "2010.01.31"]
[EventType "swiss"]
[EventRounds "5"]
[EventCountry "GGB"]
[SourceTitle "EXT 2011"]
[Source "ChessBase"]
[SourceDate "2010.11.26"]
[SourceVersion "1"]
[SourceVersionDate "2010.11.26"]
[SourceQuality "1"]

1. e4 e5 2. f4 exf4 3. Nf3 d6 4. d4 g5 5. Bc4 Bg7 6. 0-0 Nc6 7. c3 h6 8. h4 Qe7 9. Qb3 Bd7 10. Qxb7 Rb8 11. Qa6 g4 12. Nh2 f3 13. g3 Nf6 14. Nd2 0-0 15. Bd5 Nxd5 16. exd5 Nxd4 17. cxd4 Bxd4+ 18. Kh1 Bb5 19. Qa3 Bxf1 20. Ndxf3 Qe2 0-1

[Event "Gibraltar Masters 8th"]
[Site "Caleta"]
[Date "2010.01.30"]
[Round "5"]
[White "Rioseco Pinochet, Fernando Luis"]
[Black "Javakhishvili, Lela"]
[Result "0-1"]
[WhiteElo "2226"]
[BlackElo "2493"]
[PlyCount "56"]
[EventDate "2010.01.26"]
[EventType "swiss"]
[EventRounds "10"]
[EventCountry "GGB"]
[SourceTitle "CBM 134 Extra"]
[Source "ChessBase"]
[SourceDate "2010.03.03"]
[SourceVersion "1"]
[SourceVersionDate "2010.03.03"]
[SourceQuality "1"]

1. d4 Nf6 2. c4 e6 3. Nc3 Bb4 4. e3 0-0 5. Bd3 d5 6. Nf3 c5 7. 0-0 cxd4 8. exd4 dxc4 9. Bxc4 Bxc3 10. bxc3 Qc7 11. Bd3 Nbd7 12. Re1 b6 13. c4 Bb7 14. Qe2 Qc6 15. Ba3 Rfd8 16. Qc2 Nf8 17. Rad1 Ng6 18. d5 exd5 19. Nd4 Qc8 20. Nf5 dxc4 21. Bxc4 Qc6 22. Bxf7+ Kxf7 23. Qb3+ Nd5 24. Rc1 Qd7 25. Nd6+ Kg8 26. Red1 Ngf4 27. Rc4 Kh8 28. Qf3 Nc3 0-1

[Event "CHI-ch Fenach"]
[Site "Santiago de Chile"]
[Date "2007.02.05"]
[Round "1"]
[White "Salas Arros, Cristian Eduardo"]
[Black "Rioseco Pinochet, Fernando Luis"]
[Result "1/2-1/2"]
[WhiteElo "2418"]
[BlackElo "2226"]
[PlyCount "49"]
[EventDate "2007.02.05"]
[EventType "tourn"]
[EventRounds "9"]
[EventCountry "CHI"]
[EventCategory "3"]
[SourceTitle "CBM 116 Extra"]
[Source "ChessBase"]
[SourceDate "2007.03.07"]
[SourceVersion "1"]
[SourceVersionDate "2007.03.07"]
[SourceQuality "1"]

1. d4 Nf6 2. Nf3 e6 3. c4 d5 4. Nc3 c5 5. cxd5 Nxd5 6. e3 Nc6 7. Bc4 Be7 8. 0-0 cxd4 9. exd4 Nxc3 10. bxc3 0-0 11. Qe2 Qc7 12. Bd3 b6 13. Ng5 Bxg5 14. Bxg5 Bd7 15. Rfe1 Rfe8 16. Bxh7+ Kxh7 17. Qh5+ Kg8 18. Re4 f5 19. Rh4 Rf8 20. Qh7+ Kf7 21. Rh6 Nd8 22. Re1 Qxc3 23. Rc1 Qxd4 24. Qg6+ Kg8 25. Qh7+ 1/2-1/2

[Event "CHI-ch"]
[Site "Santiago de Chile"]
[Date "2004.02.15"]
[Round "8.13"]
[White "Rioseco Pinochet, Fernando Luis"]
[Black "Magas Varas, Rodrigo"]
[Result "0-1"]
[WhiteElo "2226"]
[BlackElo "2139"]
[PlyCount "88"]
[EventDate "2004.02.09"]
[EventType "swiss"]
[EventRounds "11"]
[EventCountry "CHI"]
[SourceTitle "CBM 098 Extra"]
[Source "ChessBase"]
[SourceDate "2004.03.10"]
[SourceVersion "2"]
[SourceVersionDate "2004.03.10"]
[SourceQuality "1"]

1. e4 c5 2. Nf3 e6 3. d4 cxd4 4. c3 d3 5. Bxd3 a6 6. c4 d6 7. 0-0 Nf6 8. Nc3 Qc7 9. b3 g6 10. Bb2 Bg7 11. Kh1 0-0 12. Nd4 Nbd7 13. f4 b6 14. Qe2 Bb7 15. Rae1 e5 16. fxe5 Nxe5 17. Bb1 Rfe8 18. h3 Ned7 19. Qf2 Nc5 20. Nd5 Bxd5 21. exd5 Nce4 22. Bxe4 Nxe4 23. Qe3 Qe7 24. Kg1 Qg5 25. Qd3 Ng3 26. Nf3 Qf5 27. Qxf5 Nxf5 28. Bxg7 Kxg7 29. g4 Ng3 30. Rxe8 Rxe8 31. Rf2 f5 32. Ng5 Ne4 33. Nxe4 Rxe4 34. gxf5 g5 35. f6+ Kf7 36. Kg2 b5 37. Rc2 bxc4 38. bxc4 Kxf6 39. Kf3 Rf4+ 40. Ke3 Rh4 41. c5 Rxh3+ 42. Ke4 Rh4+ 43. Kf3 dxc5 44. Rxc5 Ke5 0-1

[Event "CHI-ch"]
[Site "Santiago de Chile"]
[Date "2004.02.14"]
[Round "7.15"]
[White "Rioseco Pinochet, Fernando Luis"]
[Black "Hurtado Bahamonde, Rodrigo And"]
[Result "1/2-1/2"]
[WhiteElo "2226"]
[BlackElo "2046"]
[PlyCount "84"]
[EventDate "2004.02.09"]
[EventType "swiss"]
[EventRounds "11"]
[EventCountry "CHI"]
[SourceTitle "CBM 098 Extra"]
[Source "ChessBase"]
[SourceDate "2004.03.10"]
[SourceVersion "2"]
[SourceVersionDate "2004.03.10"]
[SourceQuality "1"]

1. d4 c5 2. d5 e5 3. Nc3 d6 4. e4 Nf6 5. Nf3 g6 6. h3 Bg7 7. Bd3 0-0 8. 0-0 h6 9. Nd2 a6 10. a4 Nh5 11. Nc4 Nf4 12. Bxf4 exf4 13. Re1 Be5 14. Nxe5 dxe5 15. Nb1 Qg5 16. Kh2 Nd7 17. Nd2 Rb8 18. a5 Nf6 19. Nf3 Qh5 20. Kg1 Ne8 21. Ra3 Bd7 22. Rb3 Nd6 23. c4 Ba4 24. Bc2 Bxb3 25. Bxb3 f6 26. Qd3 g5 27. Bd1 Qf7 28. Nd2 h5 29. Qa3 Rbc8 30. Be2 Kg7 31. f3 Qc7 32. Rb1 b6 33. axb6 Qxb6 34. Kh2 Rb8 35. b3 Qb4 36. Qb2 a5 37. Qc2 Rf7 38. Ra1 Ra7 39. Ra4 Qb6 40. Bd1 Qc7 41. Nb1 Rb4 42. Nc3 Rxa4 1/2-1/2

[Event "CHI-ch"]
[Site "Vina del Mar"]
[Date "1998.??.??"]
[Round "8"]
[White "Frey Perez, Hugo"]
[Black "Rioseco Pinochet, Fernando Luis"]
[Result "1-0"]
[WhiteElo "2215"]
[BlackElo "2226"]
[PlyCount "67"]
[EventDate "1998.??.??"]
[EventType "tourn"]
[EventRounds "11"]
[EventCountry "CHI"]
[EventCategory "2"]
[SourceTitle "EXT 1999"]
[Source "ChessBase"]
[SourceDate "1998.11.16"]
[SourceVersion "1"]
[SourceVersionDate "1998.11.16"]
[SourceQuality "1"]

1. e4 c5 2. Nf3 Nc6 3. d4 cxd4 4. Nxd4 e5 5. Nb5 d6 6. c4 Be7 7. N1c3 a6 8. Na3 Be6 9. Be2 Nf6 10. Nc2 0-0 11. 0-0 Ne8 12. Nd5 Bg5 13. Nce3 g6 14. b3 f5 15. f4 Bh6 16. exf5 gxf5 17. Bb2 Bg7 18. Rf3 Kh8 19. Rh3 Nf6 20. Bh5 Nxh5 21. Qxh5 h6 22. Qg6 Qe8 23. Rxh6+ Bxh6 24. Qxh6+ Kg8 25. Nc7 Qe7 26. Nxa8 Rxa8 27. Qg6+ Kf8 28. Nxf5 Qd7 29. Qf6+ Kg8 30. Nh6+ Kh7 31. f5 Bg8 32. Qg6+ Kh8 33. Rd1 Rd8 34. Nxg8 1-0

[Event "CHI-ch"]
[Site "Vina del Mar"]
[Date "1998.??.??"]
[Round "1"]
[White "Rioseco Pinochet, Fernando Luis"]
[Black "Bulgarini Torre, Marco"]
[Result "1-0"]
[WhiteElo "2226"]
[BlackElo "2055"]
[PlyCount "45"]
[EventDate "1998.??.??"]
[EventType "tourn"]
[EventRounds "11"]
[EventCountry "CHI"]
[EventCategory "2"]
[SourceTitle "EXT 1999"]
[Source "ChessBase"]
[SourceDate "1998.11.16"]
[SourceVersion "1"]
[SourceVersionDate "1998.11.16"]
[SourceQuality "1"]

1. d4 Nf6 2. Nf3 e6 3. Bg5 c5 4. e3 Qb6 5. Nc3 Qxb2 6. Nb5 Qb4+ 7. Nd2 Na6 8. c3 Qa5 9. Nc4 Qd8 10. Ncd6+ Bxd6 11. Nxd6+ Ke7 12. Bxa6 Kxd6 13. dxc5+ Kxc5 14. Qd4+ Kc6 15. Qc4+ Kd6 16. Qb4+ Kc6 17. Bb5+ Kb6 18. Ba4+ Kc7 19. Qc5+ Kb8 20. Bf4+ e5 21. Bxe5+ d6 22. Qxd6+ Qxd6 23. Bxd6# 1-0